000 00526nam a2200217Ia 4500
003 OSt
005 20220928144803.0
006 a|||||r|||| 00| 0
007 ta
008 220927b |||||||| |||| 00| 0 eng d
024 _a76159
037 _cTextual
040 _aSDCL
_cSDCL
_beng
041 _2eng
_aeng
082 _aX.16'L, L3
100 _aDavis Ralph
_9509737
245 0 _aRise of Atlantic economies.
260 _c1973
942 _hX.16'L, L3
_cTEXL
_2CC
999 _c829721
_d829721